000 00232nam a2200097Ia 4500
001 688514
005 20250826161616.0
008 250824s9999 xx 000 0 und d
245 0 _aASIM
_cMEHMET AKİF ERSOY
260 _bDERGAH YAYINLARI
999 _c688514
_d688514